| 000 | 00562nam a22001577a 4500 | ||
|---|---|---|---|
| 999 |
_c535524 _d535524 |
||
| 020 | _qHard Cover. | ||
| 082 | _a624.1 | ||
| 100 | _aAhmad, Tayyab | ||
| 245 |
_aAn Integrated Decision-Making Framework for Sustainable Residential Building Design using BIM / _cTayyab Ahmad. |
||
| 260 |
_aIslamabad: _bNIT NUST, _c2015. |
||
| 300 |
_a172 p. : _bill. ; _c30cm. |
||
| 942 |
_2ddc _cTHE |
||
| 650 |
_aConstuction Engineering and Management MS-Thesis. _930118 |
||
| 700 |
_aDr. Muhammad Jamaluddin Thaheem _916295 |
||